Antarctica and its resources (Record no. 106)

MARC details
000 -LEADER
fixed length control field 00657nam a2200169 a 4500
008 - FIXED-LENGTH DATA ELEMENTS--GENERAL INFORMATION
fixed length control field 120926s1980 ||||||||||||||||| || u
050 ## - LIBRARY OF CONGRESS CALL NUMBER
Classification number HD 9506.A585 MIT
100 ## - MAIN ENTRY--PERSONAL NAME
Personal name Mitchell, Barbara
245 10 - TITLE STATEMENT
Title Antarctica and its resources
Statement of responsibility, etc. by Barbara Mitchell and Jon Tinker
260 ## - PUBLICATION, DISTRIBUTION, ETC.
Place of publication, distribution, etc. London:
Name of publisher, distributor, etc. Earthscan
Date of publication, distribution, etc. 1980
300 ## - PHYSICAL DESCRIPTION
Extent 98p.
650 ## - SUBJECT ADDED ENTRY--TOPICAL TERM
Topical term or geographic name entry element NATURAL RESOURCES--ANTARCTICA
650 ## - SUBJECT ADDED ENTRY--TOPICAL TERM
Topical term or geographic name entry element ANTARCTICA--INTERNATIONAL STATUS
650 ## - SUBJECT ADDED ENTRY--TOPICAL TERM
Topical term or geographic name entry element MINES AND MINERAL RESOURCES--ANTARCTICA
700 ## - ADDED ENTRY--PERSONAL NAME
Personal name Tinker, Jon
995 ## -
-- SPECIAL COLLECTIONS
-- 500136
-- CBU-DAG HAMMARSKJOLD INSTITUTE LIBRARY
-- DAG HD 9506.A585 MIT
-- 1
-- AVAILABLE
-- Nov 6, 2012
-- 500136
-- DHIPS Book Collection
999 ## -
-- 106
-- 106
Holdings
Withdrawn status Lost status Source of classification or shelving scheme Damaged status Not for loan Permanent Location Current Location Shelving location Date acquired Total Checkouts Full call number Barcode Date last seen Price effective from Koha item type
          CBU-DAG HAMMARSKJOLD INSTITUTE CBU-DAG HAMMARSKJOLD INSTITUTE   11/28/2022   HD 9506.A585 MIT 500136 11/28/2022 11/28/2022 MONOGRAPH